[Event "16.Open Seefeld"]
[Site "Oesterreich / Seefeld"]
[Date "2005.09.20"]
[Round "4"]
[White "Osswald, Michael"]
[Black "Gestrich, Wolfgang"]
[Result "1-0"]
[WhiteElo "2004"]
[BlackElo "1767"]
[PlyCount "45"]
[EventDate "2005.09.17"]

1. e4 e5 2. Nc3 Nf6 3. f4 d6 4. Nf3 Bg4 5. h3 Bd7 6. Bc4 h6 7. d3 Nc6 8. O-O a6
9. a3 Qe7 10. b4 Be6 11. Nd5 Bxd5 12. exd5 Nb8 13. fxe5 dxe5 14. Nxe5 Qd6 15.
Qe1 Be7 16. Bf4 Qb6+ 17. Be3 Qd6 18. Bc5 Qd8 19. Nxf7 Kxf7 20. d6+ Ke8 21. dxe7
Qd7 22. Qg3 Rh7 23. Qg6# 1-0

[Event "16.Open Seefeld"]
[Site "Oesterreich / Seefeld"]
[Date "2005.09.20"]
[Round "4"]
[White "Ruprich, Udo"]
[Black "Becker, Joerg"]
[Result "1/2-1/2"]
[WhiteElo "1995"]
[BlackElo "1798"]
[PlyCount "89"]
[EventDate "2005.09.17"]

1. e4 c5 2. Nf3 d6 3. d4 cxd4 4. Nxd4 Nf6 5. Nc3 a6 6. a4 e5 7. Nb3 Be6 8. Be2
Be7 9. Be3 Nbd7 10. O-O Nb6 11. Nd2 d5 12. Bxb6 Qxb6 13. exd5 Nxd5 14. Nc4 Qd4
15. Qxd4 exd4 16. Nxd5 Bxd5 17. Nb6 Rd8 18. Nxd5 Rxd5 19. Bf3 Rd7 20. Rad1 O-O
21. Rd3 b6 22. Rfd1 Rc7 23. Rb3 Bc5 24. Re1 a5 25. Re4 Bb4 26. Bd1 Bc5 27. Kf1
Rb8 28. Rh3 Re7 29. Rxe7 Bxe7 30. Ke2 Re8 31. Kd3 Bc5 32. Bf3 g6 33. g4 Re5 34.
Be2 f5 35. gxf5 Rxf5 36. Bf3 Kg7 37. Ke4 Rf6 38. Rg3 Re6+ 39. Kd3 Rf6 40. Ke2
Re6+ 41. Kf1 Rf6 42. Kg2 Bd6 43. Rg4 Rf4 44. h3 Rxg4+ 45. hxg4 1/2-1/2

[Event "16.Open Seefeld"]
[Site "Oesterreich / Seefeld"]
[Date "2005.09.20"]
[Round "4"]
[White "Titz, Waldemar"]
[Black "Werner, Bernd"]
[Result "0-1"]
[WhiteElo "1541"]
[BlackElo "2012"]
[PlyCount "116"]
[EventDate "2005.09.17"]

1. e4 e6 2. d4 d5 3. Nd2 Bd7 4. Bd3 dxe4 5. Nxe4 Nf6 6. Nf3 Nxe4 7. Bxe4 Bc6 8.
Qe2 Bxe4 9. Qxe4 Qd5 10. Qxd5 exd5 11. O-O f6 12. Bf4 Kd7 13. c3 Nc6 14. Nd2
Re8 15. Rae1 Bd6 16. Bxd6 Kxd6 17. f3 b6 18. Kf2 Na5 19. b3 c5 20. dxc5+ bxc5
21. Rd1 Kc6 22. Rfe1 Nb7 23. a3 a5 24. Rxe8 Rxe8 25. Nf1 g6 26. Ne3 Rd8 27. Nc2
Rd6 28. f4 Nd8 29. g3 Ne6 30. Ke3 Nc7 31. b4 axb4 32. axb4 Re6+ 33. Kf3 Nb5 34.
bxc5 Kxc5 35. Nd4 Nxd4+ 36. Rxd4 Re1 37. Kf2 Rc1 38. Ra4 Rxc3 39. Ra7 Rc2+ 40.
Kg1 Kd6 41. Ra6+ Ke7 42. Ra7+ Ke6 43. g4 Rc4 44. f5+ gxf5 45. gxf5+ Kxf5 46.
Rxh7 Rf4 47. Kg2 d4 48. Rd7 Ke4 49. Kg3 Rf5 50. h4 d3 51. Kg4 Rd5 52. Re7+ Re5
53. Rd7 f5+ 54. Kg3 Rd5 55. Re7+ Kd4 56. Re1 d2 57. Rd1 Ke3 58. Rh1 d1=Q 0-1

[Event "16.Open Seefeld"]
[Site "Oesterreich / Seefeld"]
[Date "2005.09.20"]
[Round "4"]
[White "Schuetz, Robert"]
[Black "Loew, Bernd"]
[Result "1-0"]
[WhiteElo "1640"]
[BlackElo "1548"]
[PlyCount "65"]
[EventDate "2005.09.17"]

1. e4 b6 2. d4 Bb7 3. Bd3 Nf6 4. Qe2 e6 5. Bg5 Be7 6. Nd2 c5 7. c3 cxd4 8. cxd4
Bb4 9. Ngf3 Be7 10. O-O Nc6 11. Rac1 h6 12. Bh4 Nb4 13. Bc4 O-O 14. a3 d5 15.
e5 dxc4 16. exf6 gxf6 17. axb4 Rc8 18. Qe3 Kh7 19. Rxc4 Ba6 20. Rxc8 Qxc8 21.
Re1 Qc2 22. Qe4+ Qxe4 23. Nxe4 Bxb4 24. Nxf6+ Kg6 25. Rc1 Rc8 26. Ne5+ Kg7 27.
Rxc8 Bxc8 28. Nc6 Bf8 29. Nxa7 Bb7 30. Nd7 Bb4 31. Bd8 b5 32. Nc5 Bd2 33. Nxb7
1-0

[Event "16.Open Seefeld"]
[Site "Oesterreich / Seefeld"]
[Date "2005.09.20"]
[Round "4"]
[White "Bungter, Hans"]
[Black "Pitts, Eamonn"]
[Result "1-0"]
[WhiteElo "1628"]
[BlackElo "1355"]
[PlyCount "62"]
[EventDate "2005.09.17"]

1. e4 c5 2. Nf3 d6 3. d4 cxd4 4. Nxd4 Nf6 5. Nc3 e6 6. Be2 a6 7. O-O Be7 8. Be3
O-O 9. Qd2 b5 10. f3 Nbd7 11. Nc6 Qe8 12. Nxe7+ Qxe7 13. a3 Bb7 14. Rad1 Ne8
15. Bf4 Ne5 16. Qd4 f6 17. a4 bxa4 18. Nxa4 Qc7 19. c4 Rd8 20. Nb6 Nc6 21. Qf2
e5 22. Be3 Ne7 23. Rd2 f5 24. exf5 Nxf5 25. Bg5 Nf6 26. Bxf6 Rxf6 27. Nd5 Bxd5
28. cxd5 a5 29. Bd3 Qf7 30. Qb6 Rf8 31. Bxf5 Rxf5 {
Rest der Notationen unbrauchbar !} 1-0

[Event "16.Open Seefeld"]
[Site "Oesterreich / Seefeld"]
[Date "2005.09.20"]
[Round "4"]
[White "Andreini, Gigliola"]
[Black "Tessmer, Hans-Peter"]
[Result "1-0"]
[WhiteElo "1600"]
[BlackElo "1304"]
[PlyCount "87"]
[EventDate "2005.09.17"]

1. c4 e6 2. Nc3 Nf6 3. e4 Nc6 4. g3 Be7 5. Bg2 O-O 6. Nge2 e5 7. O-O d6 8. h3
Be6 9. d3 Qc8 10. Kh2 Re8 11. Nd5 Qd8 12. Be3 Bf8 13. a3 g6 14. b4 Bg7 15. Rb1
Ne7 16. Nxf6+ Bxf6 17. Qd2 Bg7 18. Rfc1 b6 19. d4 Rc8 20. Rc2 Rf8 21. dxe5 dxe5
22. Rd1 Qe8 23. Qc1 Rd8 24. Rxd8 Qxd8 25. Rd2 Qc8 26. c5 Rd8 27. Nc3 Qb8 28.
Qd1 Rxd2 29. Qxd2 b5 30. Bf1 a6 31. Nd5 Kf8 32. Bh6 Nxd5 33. exd5 Bf5 34. Bg2
Bxh6 35. Qxh6+ Kg8 36. Qg5 Qe8 37. Qf6 Bc8 38. d6 cxd6 39. Qxd6 Qe6 40. Qxe6
Bxe6 41. Bb7 Kf8 42. Bxa6 Bd7 43. Bb7 Ke7 44. c6 1-0

[Event "16.Open Seefeld"]
[Site "Oesterreich / Seefeld"]
[Date "2005.09.20"]
[Round "4"]
[White "Egger, Herbert"]
[Black "Disselberger, Alfons"]
[Result "1/2-1/2"]
[WhiteElo "1584"]
[BlackElo "1290"]
[PlyCount "98"]
[EventDate "2005.09.17"]

1. e4 e6 2. d4 d5 3. e5 c5 4. Bb5+ Nc6 5. Bxc6+ bxc6 6. c3 Ba6 7. Ne2 cxd4 8.
cxd4 Bb4+ 9. Bd2 Bxd2+ 10. Qxd2 Ne7 11. O-O Qb6 12. Re1 Nf5 13. Nbc3 Bxe2 14.
Nxe2 O-O 15. Rad1 Rfb8 16. b3 a5 17. Ng3 Nxg3 18. hxg3 Qb4 19. Qxb4 axb4 20.
Re2 Rb5 21. Rc1 Rb6 22. Rec2 Raa6 23. g4 g6 24. f4 h6 25. g3 Kg7 26. Kg2 Kf8
27. Rh1 Kg7 28. Kh3 Rb5 29. Rhc1 Rbb6 30. Kh4 Kh7 31. g5 h5 32. g4 hxg4 33.
Kxg4 Kg7 34. Rh1 Rb8 35. Rch2 Raa8 36. Rh7+ Kf8 37. R1h2 Ke7 38. R2h6 Rg8 39.
Rh2 Rac8 40. Rc2 Rc7 41. Rh1 Ra8 42. Ra1 Kd7 43. Rc5 Rca7 44. Rc2 Ra3 45. Rb2
Kc7 46. Kf3 Kb6 47. Ke3 c5 48. dxc5+ Kxc5 49. Rc1+ Kb6 1/2-1/2

[Event "16.Open Seefeld"]
[Site "Oesterreich / Seefeld"]
[Date "2005.09.20"]
[Round "4"]
[White "Dalla Santa, Odile"]
[Black "Michel, Jan"]
[Result "0-1"]
[WhiteElo "1120"]
[BlackElo "1454"]
[PlyCount "66"]
[EventDate "2005.09.17"]

1. d4 d5 2. e3 Nf6 3. Nf3 e6 4. Bd3 Be7 5. b3 Bd7 6. Bb2 a6 7. Ne5 c5 8. Nd2 b5
9. c4 b4 10. f4 Nc6 11. O-O cxd4 12. exd4 a5 13. Qc2 Nxe5 14. dxe5 Qb6+ 15. Kh1
Ng4 16. Nf3 Ne3 17. Qf2 Bc5 18. Qd2 Nxf1 19. Rxf1 dxc4 20. Bxc4 Bb5 21. Bd4
Bxd4 22. Nxd4 Bxc4 23. bxc4 Rd8 24. Rd1 O-O 25. Qe3 a4 26. Qe4 b3 27. c5 Qxc5
28. axb3 axb3 29. h3 b2 30. Nc6 Rxd1+ 31. Kh2 Qg1+ 32. Kg3 Qe1+ 33. Kg4 Qxe4
0-1

[Event "16.Open Seefeld"]
[Site "Oesterreich / Seefeld"]
[Date "2005.09.21"]
[Round "5"]
[White "Rotstein, Arkadij"]
[Black "van der Weide, Karel"]
[Result "1-0"]
[WhiteElo "2520"]
[BlackElo "2482"]
[PlyCount "73"]
[EventDate "2005.09.17"]

1. c4 Nf6 2. Nc3 g6 3. g3 Bg7 4. Bg2 O-O 5. e4 c5 6. Nge2 Nc6 7. d3 d6 8. O-O
a6 9. a4 Bd7 10. h3 Ne8 11. Be3 Nd4 12. Rb1 Nc7 13. b4 Bc6 14. bxc5 dxc5 15. a5
Nce6 16. Nd5 Re8 17. Nxd4 cxd4 18. Bd2 Nc5 19. Nb6 Rb8 20. Qe2 e5 21. f4 f5 22.
Bb4 Qd6 23. Nd5 Rbc8 24. Qa2 exf4 25. gxf4 fxe4 26. dxe4 Bxd5 27. cxd5 Qd7 28.
e5 Kh8 29. Qa3 Bf8 30. Rbc1 Qb5 31. d6 Ne6 32. Bd2 Rxc1 33. Qxc1 Bh6 34. Qb1
Qe2 35. Rf2 Qc4 36. Qxb7 d3 37. Bd5 1-0

[Event "16.Open Seefeld"]
[Site "Oesterreich / Seefeld"]
[Date "2005.09.21"]
[Round "5"]
[White "Antic, Dejan"]
[Black "Feige, Manuel"]
[Result "1-0"]
[WhiteElo "2512"]
[BlackElo "2387"]
[PlyCount "97"]
[EventDate "2005.09.17"]

1. d4 Nf6 2. c4 g6 3. Nc3 Bg7 4. e4 d6 5. Nf3 O-O 6. Be2 e5 7. O-O Nc6 8. d5
Ne7 9. b4 Nh5 10. Re1 a5 11. bxa5 Nf4 12. Bf1 c5 13. a4 f5 14. Bxf4 fxe4 15.
Bxe5 exf3 16. Bxg7 Kxg7 17. g3 Nf5 18. Bd3 Nd4 19. Nb5 Nxb5 20. axb5 Rxa5 21.
b6 Rxa1 22. Qxa1+ Kg8 23. Re3 Bd7 24. h4 Rf7 25. Be4 Qxb6 26. Bxf3 Qd8 27. Qb2
Qf6 28. Qxf6 Rxf6 29. Be2 Rf8 30. Rb3 Bc8 31. Rb6 Rd8 32. Bd3 Kg7 33. f4 h6 34.
Kf2 Kf6 35. Kf3 g5 36. fxg5+ hxg5 37. h5 Rf8 38. h6 Bf5 39. Bxf5 Kxf5 40. Ke3
Kg4 41. Rxd6 Kxg3 42. Rg6 Re8+ 43. Re6 Rh8 44. d6 Rh7 45. Ke4 b5 46. cxb5 g4
47. Kd5 Kf2 48. Rf6+ Ke3 49. Kxc5 1-0

[Event "16.Open Seefeld"]
[Site "Oesterreich / Seefeld"]
[Date "2005.09.21"]
[Round "5"]
[White "Levin, Felix"]
[Black "Weinzettl, Ernst"]
[Result "1-0"]
[WhiteElo "2498"]
[BlackElo "2347"]
[PlyCount "69"]
[EventDate "2005.09.17"]

1. d4 d5 2. c4 e6 3. Nf3 c5 4. cxd5 exd5 5. g3 Nc6 6. Bg2 Nf6 7. O-O Be7 8. Nc3
O-O 9. Bg5 c4 10. Ne5 Be6 11. b3 Qa5 12. Qd2 Nxd4 13. Qxd4 Bc5 14. Qd2 d4 15.
Bxf6 gxf6 16. Qh6 dxc3 17. Nxc4 Qd8 18. Bxb7 Rb8 19. Be4 f5 20. Bd3 Bd4 21. Ne3
Qf6 22. Qh5 Rfd8 23. Nxf5 Rd5 24. g4 Bxf5 25. Bxf5 Rxf5 26. Qxf5 Qxf5 27. gxf5
c2 28. Rac1 Rc8 29. Kg2 Bb2 30. Kf3 Kg7 31. Ke4 Kf6 32. Kd3 Bxc1 33. Rxc1 Rg8
34. Rxc2 Rg2 35. Ke3 1-0

[Event "16.Open Seefeld"]
[Site "Oesterreich / Seefeld"]
[Date "2005.09.21"]
[Round "5"]
[White "Heinig, Wolfram"]
[Black "Ivanov, Michail"]
[Result "1-0"]
[WhiteElo "2319"]
[BlackElo "2426"]
[PlyCount "78"]
[EventDate "2005.09.17"]

1. d4 d5 2. c4 e6 3. Nf3 c6 4. Qc2 Nf6 5. g3 dxc4 6. Qxc4 b5 7. Qb3 Bb7 8. Bg2
a6 9. a4 c5 10. dxc5 Nbd7 11. axb5 Nxc5 12. Qc4 Bd5 13. Qf4 Bd6 14. Qe3 axb5
15. Rxa8 Qxa8 16. Nc3 Bc6 17. O-O b4 18. Qd4 Nb7 19. Qb6 Qc8 20. Nb5 Bb8 21.
Na7 Bxa7 22. Qxa7 O-O 23. Bd2 Qa8 24. Qxa8 Rxa8 25. Rc1 Be4 26. Bxb4 Nd5 27.
Ba3 h6 28. Ne5 Bxg2 29. Kxg2 Na5 30. e4 Nf6 31. f3 Ne8 32. Rc3 f6 33. Nd3 Rd8
34. Bc5 Nc4 35. Rxc4 Rxd3 36. Rd4 Rb3 37. Rb4 Rd3 38. Rb8 Kf7 39. Rb7+ Kg8 1-0

[Event "16.Open Seefeld"]
[Site "Oesterreich / Seefeld"]
[Date "2005.09.21"]
[Round "5"]
[White "Bronznik, Valeri"]
[Black "Schunk, Thomas"]
[Result "1-0"]
[WhiteElo "2390"]
[BlackElo "2315"]
[PlyCount "57"]
[EventDate "2005.09.17"]

1. d4 Nf6 2. c4 e6 3. Nc3 Bb4 4. f3 c5 5. d5 exd5 6. cxd5 O-O 7. e4 Re8 8. Nge2
b5 9. Ng3 c4 10. Be2 Qb6 11. a4 Bb7 12. axb5 a6 13. Nf5 axb5 14. Rxa8 Bxa8 15.
Be3 Bc5 16. Bxc5 Qxc5 17. Qd4 Qxd4 18. Nxd4 b4 19. Ncb5 Nxe4 20. Nc7 Re5 21.
fxe4 Rxe4 22. Ndb5 Bxd5 23. Nxd5 Re5 24. Nbc7 Nc6 25. Kf2 Rf5+ 26. Bf3 g5 27.
g4 Re5 28. Nf6+ Kg7 29. Nxd7 1-0

[Event "16.Open Seefeld"]
[Site "Oesterreich / Seefeld"]
[Date "2005.09.21"]
[Round "5"]
[White "Rausch, Stephan"]
[Black "Stabolewski, Andreas"]
[Result "1-0"]
[WhiteElo "2337"]
[BlackElo "2225"]
[PlyCount "73"]
[EventDate "2005.09.17"]

1. d4 f5 2. c4 Nf6 3. Nc3 d6 4. g3 g6 5. Bg2 Bg7 6. Nh3 O-O 7. d5 Na6 8. Nf4 e5
9. dxe6 c6 10. h4 Nc5 11. h5 gxh5 12. e4 fxe4 13. Kf1 Qe7 14. Be3 Bxe6 15. Nxh5
Ng4 16. Bf4 e3 17. f3 Bxc3 18. bxc3 Bxc4+ 19. Kg1 e2 20. Qd2 Rae8 21. Re1 Ne5
22. Qd4 Ne6 23. Qe4 Nd3 24. Bd2 Nxe1 25. Bxe1 d5 26. Qg4+ Qg5 27. Qh3 Qe3+ 28.
Kh2 Bd3 29. f4 Ng7 30. Nxg7 Kxg7 31. Qg4+ Kh8 32. Qh4 Qe7 33. Qh5 Rf5 34. Qh6
Qf7 35. Bf3 Be4 36. Kg2 Qe6 37. Qxh7# 1-0

[Event "16.Open Seefeld"]
[Site "Oesterreich / Seefeld"]
[Date "2005.09.21"]
[Round "5"]
[White "Sailer, Douglas"]
[Black "Dittmar, Peter"]
[Result "0-1"]
[WhiteElo "2224"]
[BlackElo "2326"]
[PlyCount "74"]
[EventDate "2005.09.17"]

1. e4 c6 2. d4 d5 3. Nc3 dxe4 4. Nxe4 Nd7 5. Nf3 Ngf6 6. Nxf6+ Nxf6 7. Ne5 Bf5
8. g4 Bg6 9. h4 Nd7 10. Nxg6 hxg6 11. Bc4 e6 12. h5 gxh5 13. gxh5 Nf6 14. c3
Qa5 15. h6 Qf5 16. Qe2 gxh6 17. Bd2 Qe4 18. f3 Qxe2+ 19. Kxe2 h5 20. Bg5 Be7
21. Rh4 Nd5 22. Bxe7 Kxe7 23. Bxd5 cxd5 24. Rah1 Rag8 25. Kf2 Rg5 26. f4 Rf5
27. Ke3 Rh6 28. a4 b6 29. b3 Rh8 30. Kd3 Rg8 31. R1h3 Rg2 32. Rxh5 Rxf4 33. c4
Rgg4 34. cxd5 Rxd4+ 35. Kc3 Rxd5 36. Rxd5 exd5 37. Rh8 a5 0-1

[Event "16.Open Seefeld"]
[Site "Oesterreich / Seefeld"]
[Date "2005.09.21"]
[Round "5"]
[White "Pilz, Dieter"]
[Black "Wempe, Juergen"]
[Result "1-0"]
[WhiteElo "2303"]
[BlackElo "2202"]
[PlyCount "53"]
[EventDate "2005.09.17"]

1. e4 c5 2. Nf3 Nf6 3. Nc3 Nc6 4. Bb5 e6 5. Bxc6 dxc6 6. d3 Be7 7. O-O O-O 8.
a4 Bd7 9. b3 Be8 10. Bb2 Nd7 11. e5 f5 12. exf6 Bxf6 13. Qe2 Bh5 14. Qxe6+ Kh8
15. Nd2 Ne5 16. Qh3 Bh4 17. g3 Ng6 18. Nce4 Qd5 19. f4 Be2 20. Rf2 Qh5 21. Qd7
Be7 22. f5 Bg4 23. Raf1 Rab8 24. Qc7 Rfc8 25. Qa5 Bh3 26. Qc3 Bf8 27. fxg6 1-0

[Event "16.Open Seefeld"]
[Site "Oesterreich / Seefeld"]
[Date "2005.09.21"]
[Round "5"]
[White "Mertens, Klaus"]
[Black "Kesik, Klaus-Dieter"]
[Result "0-1"]
[WhiteElo "2144"]
[BlackElo "2266"]
[PlyCount "64"]
[EventDate "2005.09.17"]

1. Nf3 Nf6 2. g3 g6 3. Bg2 Bg7 4. O-O O-O 5. c4 d6 6. d4 Nc6 7. Nc3 a6 8. b3
Bf5 9. Bb2 Qd7 10. Re1 Bh3 11. Bh1 h6 12. Rc1 Ng4 13. Qd2 f5 14. Nd5 g5 15. Bg2
Bxg2 16. Kxg2 e6 17. Nc3 Ne7 18. h3 Nf6 19. Red1 Ng6 20. Qd3 Nh5 21. Kh2 Qf7
22. Rf1 Rae8 23. Ba3 g4 24. hxg4 fxg4 25. Nd2 Nhf4 26. Qe4 e5 27. gxf4 exd4 28.
Qd5 dxc3 29. Nb1 Nxf4 30. Qxf7+ Rxf7 31. Nxc3 Nxe2 32. Nxe2 Rxe2 0-1

[Event "16.Open Seefeld"]
[Site "Oesterreich / Seefeld"]
[Date "2005.09.21"]
[Round "5"]
[White "Thoeny, Hermann"]
[Black "Kyas, Juergen"]
[Result "1/2-1/2"]
[WhiteElo "2136"]
[BlackElo "2240"]
[PlyCount "32"]
[EventDate "2005.09.17"]

1. d4 Nf6 2. Nf3 g6 3. c4 Bg7 4. Nc3 d5 5. e3 O-O 6. Qb3 e6 7. Bd2 b6 8. cxd5
exd5 9. Rc1 Bb7 10. Bd3 Ne4 11. O-O Nxd2 12. Nxd2 c6 13. Nf3 Nd7 14. Rfd1 Re8
15. e4 dxe4 16. Nxe4 Nf8 1/2-1/2

[Event "16.Open Seefeld"]
[Site "Oesterreich / Seefeld"]
[Date "2005.09.21"]
[Round "5"]
[White "Wiesinger, Robert"]
[Black "Santl, Anton"]
[Result "1-0"]
[WhiteElo "2235"]
[BlackElo "2132"]
[PlyCount "57"]
[EventDate "2005.09.17"]

1. e4 c5 2. Nf3 d6 3. d4 cxd4 4. Nxd4 Nf6 5. Nc3 a6 6. Be2 e5 7. Nb3 Be7 8. O-O
O-O 9. Kh1 Be6 10. f4 Qc7 11. f5 Bc4 12. g4 d5 13. exd5 Rd8 14. Bxc4 Qxc4 15.
Bg5 Nbd7 16. a3 Rac8 17. Qf3 Re8 18. Bxf6 Bxf6 19. Nd2 Qc7 20. Nde4 h6 21. Rad1
Bd8 22. d6 Qb8 23. Qd3 b5 24. Qd5 b4 25. axb4 Qxb4 26. Qa2 Rc4 27. Rfe1 Rd4 28.
Qxa6 Qxb2 29. Qc6 1-0

[Event "16.Open Seefeld"]
[Site "Oesterreich / Seefeld"]
[Date "2005.09.21"]
[Round "5"]
[White "Christiansmeier, Sven"]
[Black "Lagrotteria, Salvatore"]
[Result "1-0"]
[WhiteElo "2044"]
[BlackElo "2214"]
[PlyCount "79"]
[EventDate "2005.09.17"]

1. d4 Nf6 2. Nf3 e6 3. Bg5 d5 4. c4 Nbd7 5. cxd5 exd5 6. Nc3 c6 7. e3 Be7 8.
Bd3 O-O 9. O-O Re8 10. Qc2 Nf8 11. Ne5 a6 12. a3 Be6 13. Na4 h6 14. Bh4 Ne4 15.
Bxe7 Qxe7 16. Nc5 f6 17. Nxe6 Qxe6 18. Bxe4 dxe4 19. Nc4 Rad8 20. Nb6 Kh8 21.
b4 Ng6 22. Qc5 Ne7 23. Rfd1 Qg4 24. h3 Qg6 25. d5 Nf5 26. Kh2 Re5 27. Ra2 Nh4
28. g3 Nf3+ 29. Kg2 Qh5 30. Qc2 Ng5 31. Rh1 Qf3+ 32. Kh2 Nxh3 33. Qe2 Rh5 34.
Qxf3 exf3 35. g4 Rh4 36. Kg3 g5 37. Rxh3 Rxh3+ 38. Kxh3 cxd5 39. Rd2 Rd6 40.
Nxd5 1-0

[Event "16.Open Seefeld"]
[Site "Oesterreich / Seefeld"]
[Date "2005.09.21"]
[Round "5"]
[White "Ballon, Guenther-Jan"]
[Black "Schoetzig, Detlef"]
[Result "1/2-1/2"]
[WhiteElo "2213"]
[BlackElo "2124"]
[PlyCount "39"]
[EventDate "2005.09.17"]

1. d4 Nf6 2. c4 e5 3. dxe5 Ng4 4. Bf4 Nc6 5. Nf3 Bb4+ 6. Nbd2 Qe7 7. e3 Ngxe5
8. Nxe5 Nxe5 9. Be2 d6 10. O-O O-O 11. Nb3 b6 12. a3 Bc5 13. Nxc5 bxc5 14. b4
Nd7 15. Bf3 Rb8 16. Rb1 Bb7 17. Bxb7 Rxb7 18. bxc5 Rxb1 19. Qxb1 Nxc5 20. Qb5
1/2-1/2

[Event "16.Open Seefeld"]
[Site "Oesterreich / Seefeld"]
[Date "2005.09.21"]
[Round "5"]
[White "Stock, Juergen"]
[Black "Meschke, Andreas"]
[Result "0-1"]
[WhiteElo "2031"]
[BlackElo "2154"]
[PlyCount "89"]
[EventDate "2005.09.17"]

1. d4 d5 2. c3 c6 3. e3 Bf5 4. f4 Nf6 5. Nf3 e6 6. Be2 Be7 7. Nbd2 Ng4 8. Nf1
Nd7 9. h3 Ngf6 10. Bd3 Bxd3 11. Qxd3 Ne4 12. g3 O-O 13. Bd2 c5 14. Rh2 c4 15.
Qc2 b5 16. Ke2 a5 17. Be1 b4 18. N1d2 Nd6 19. e4 bxc3 20. bxc3 f5 21. exd5 exd5
22. Ne5 Nf6 23. Kf1 Qe8 24. Ndf3 Nfe4 25. Qd1 Rb8 26. Rb1 Nb5 27. Rc2 a4 28.
Kg2 Rf6 29. Nh4 Rfb6 30. Nxf5 Bf8 31. Qg4 h5 32. Qf3 Nxd4 33. Nxd4 Rxb1 34. Bf2
R8b2 35. Qe2 Nxc3 36. Qd2 Ne4 37. Qa5 Bc5 38. Nec6 Rxc2 39. Nxc2 Qxc6 40. Qd8+
Kh7 41. Nd4 Bxd4 42. Bxd4 Qg6 43. g4 hxg4 44. h4 Nf6 45. Qe7 0-1

[Event "16.Open Seefeld"]
[Site "Oesterreich / Seefeld"]
[Date "2005.09.21"]
[Round "5"]
[White "Voss, Ingo"]
[Black "Favre, Bruno"]
[Result "1-0"]
[WhiteElo "2149"]
[BlackElo "2019"]
[PlyCount "61"]
[EventDate "2005.09.17"]

1. d4 Nf6 2. Nf3 g6 3. b4 Bg7 4. Bb2 O-O 5. e3 d5 6. Bd3 c6 7. Nbd2 Bg4 8. c4
Nbd7 9. Qb3 Bxf3 10. Nxf3 e6 11. O-O dxc4 12. Bxc4 Nb6 13. Bd3 Qd5 14. Qc2 Rfd8
15. a4 Rac8 16. Rfd1 Qd7 17. e4 a6 18. Qb3 Na8 19. Ne5 Qe8 20. f4 Nc7 21. Rf1
Kh8 22. Rf3 Ng8 23. Rh3 f5 24. exf5 Bxe5 25. fxg6 h6 26. fxe5 Qe7 27. Rf1 Rf8
28. Bc1 Rxf1+ 29. Bxf1 Kg7 30. Qf3 Rf8 31. Qh5 1-0

[Event "16.Open Seefeld"]
[Site "Oesterreich / Seefeld"]
[Date "2005.09.21"]
[Round "5"]
[White "Wiesbeck, Florian"]
[Black "Vrban, Damir"]
[Result "0-1"]
[WhiteElo "1964"]
[BlackElo "2133"]
[PlyCount "60"]
[EventDate "2005.09.17"]

1. d4 f5 2. e4 fxe4 3. Nc3 Nf6 4. f3 Nc6 5. fxe4 e5 6. dxe5 Nxe5 7. Bf4 Ng6 8.
Bg3 Bb4 9. Bd3 O-O 10. Nge2 Ng4 11. Qd2 Bc5 12. Nd4 d5 13. Nf3 Be3 14. Qe2 dxe4
15. Nxe4 Re8 16. h3 Bf4 17. Bxf4 Nxf4 18. Qd2 Ne3 19. Rh2 Nxd3+ 20. cxd3 Nc4
21. Qc3 Nd6 22. O-O-O Bf5 23. Ng3 Be6 24. Nh5 Qe7 25. Rhh1 Qf7 26. g4 Nb5 27.
Qc5 Qxf3 28. Qxb5 Bxa2 29. Rhf1 Qe3+ 30. Kc2 Re5 0-1

[Event "16.Open Seefeld"]
[Site "Oesterreich / Seefeld"]
[Date "2005.09.21"]
[Round "5"]
[White "Gruber, Michael"]
[Black "Fournell, Udo"]
[Result "1/2-1/2"]
[WhiteElo "2122"]
[BlackElo "1891"]
[PlyCount "134"]
[EventDate "2005.09.17"]

1. e4 c5 2. Nf3 d6 3. d4 cxd4 4. Nxd4 Nf6 5. Nc3 a6 6. g3 e5 7. Nde2 Be6 8. Bg2
Be7 9. h3 b5 10. Be3 Nbd7 11. g4 Nb6 12. Nd5 Bxd5 13. exd5 Nc4 14. Bc1 Rc8 15.
O-O O-O 16. a4 Qc7 17. Qd3 e4 18. Bxe4 Ne5 19. Qe3 Nxe4 20. Qxe4 f5 21. gxf5
Qxc2 22. Qxc2 Rxc2 23. Nd4 Rc4 24. Ne6 Rxf5 25. axb5 axb5 26. Ra7 Bf6 27. Ra8+
Kf7 28. Ra7+ Kg6 29. b3 Rc3 30. Nf4+ Kg5 31. Ne2+ Rxc1 32. Rxc1 Nf3+ 33. Kg2
Nh4+ 34. Kf1 Rxd5 35. Ng3 Kf4 36. Re1 Kf3 37. Re3+ Kf4 38. Ke2 Rc5 39. Ra2 Ng2
40. Rf3+ Ke5 41. Rf5+ Ke6 42. Rxc5 dxc5 43. Kf3 Ne1+ 44. Ke2 Ng2 45. Nh5 Be5
46. Kf3 Nh4+ 47. Ke4 Nf5 48. Nf4+ Bxf4 49. Kxf4 Nd4 50. Rb2 b4 51. Ke4 g5 52.
Rb1 h5 53. Rg1 g4 54. hxg4 hxg4 55. Rxg4 Nxb3 56. Rg6+ Kf7 57. Rb6 Nd2+ 58. Kd3
Nf3 59. Rb5 Ne5+ 60. Ke4 Nd7 61. Kd5 Kf6 62. Kd6 Ne5 63. Kxc5 Nd3+ 64. Kd4 Nxf2
65. Rxb4 Kf5 66. Rb8 Ng4 67. Rf8+ Nf6 1/2-1/2

[Event "16.Open Seefeld"]
[Site "Oesterreich / Seefeld"]
[Date "2005.09.21"]
[Round "5"]
[White "Platzgummer, Fabian"]
[Black "Ermel, Dirk"]
[Result "1/2-1/2"]
[WhiteElo "2032"]
[BlackElo "2208"]
[PlyCount "71"]
[EventDate "2005.09.17"]

1. e4 e5 2. Nf3 Nc6 3. Bc4 Nf6 4. d4 exd4 5. O-O Nxe4 6. Re1 d5 7. Bxd5 Qxd5 8.
Nc3 Qa5 9. Nxe4 Be6 10. Neg5 O-O-O 11. Nxe6 fxe6 12. Rxe6 Bd6 13. Bg5 Rde8 14.
Qe2 Ne5 15. Nxd4 Rxe6 16. Nxe6 Re8 17. Bd2 Qd5 18. Nxg7 Rg8 19. f4 Rxg7 20.
fxe5 Bxe5 21. Bc3 Bd4+ 22. Bxd4 Qxd4+ 23. Qf2 Qxb2 24. Rd1 Qb6 25. Qxb6 axb6
26. Kf2 Rg4 27. Rd2 Ra4 28. Ke3 Rxa2 29. g4 c5 30. h4 b5 31. h5 b4 32. g5 c4
33. g6 hxg6 34. hxg6 Kc7 35. g7 Ra8 36. Rg2 1/2-1/2

[Event "16.Open Seefeld"]
[Site "Oesterreich / Seefeld"]
[Date "2005.09.21"]
[Round "5"]
[White "Mueller, Norbert"]
[Black "Osswald, Michael"]
[Result "1-0"]
[WhiteElo "2138"]
[BlackElo "2004"]
[PlyCount "43"]
[EventDate "2005.09.17"]

1. g3 g6 2. Bg2 Bg7 3. d3 d6 4. e4 e5 5. Ne2 Ne7 6. O-O O-O 7. c3 c5 8. d4 exd4
9. cxd4 Qb6 10. dxc5 dxc5 11. Nbc3 Rd8 12. Nd5 Nxd5 13. exd5 Nc6 14. Bg5 Rd6
15. Qa4 Qa5 16. Qf4 Ne5 17. Be7 Rb6 18. Bd8 Qa6 19. Bxb6 Qxe2 20. Bc7 Bf5 21.
Rfe1 Qxb2 22. Bxe5 1-0

[Event "16.Open Seefeld"]
[Site "Oesterreich / Seefeld"]
[Date "2005.09.21"]
[Round "5"]
[White "Kozlov, Alexander"]
[Black "Scholz, Herbert"]
[Result "1-0"]
[WhiteElo "2135"]
[BlackElo "1994"]
[PlyCount "65"]
[EventDate "2005.09.17"]

1. d4 Nf6 2. c4 e6 3. Nf3 b6 4. a3 Bb7 5. Nc3 Be7 6. Qc2 c5 7. dxc5 bxc5 8. Bf4
a6 9. e3 d6 10. Rd1 Qc7 11. h3 Nbd7 12. Be2 h6 13. O-O g5 14. Bg3 g4 15. hxg4
Nxg4 16. Ne4 Nge5 17. Nxe5 Nxe5 18. Bxe5 dxe5 19. Bf3 Rg8 20. Qa4+ Kf8 21. Rd7
Qb6 22. Rxb7 Qxb7 23. Nxc5 Qxf3 24. Nd7+ Ke8 25. Nxe5+ Kf8 26. Nxf3 f6 27. Qc6
Kf7 28. Nd4 Rae8 29. Qxe6+ Kg6 30. Qxa6 Kh7 31. Nf5 Rg6 32. Qe6 Reg8 33. Qxe7+
1-0

[Event "16.Open Seefeld"]
[Site "Oesterreich / Seefeld"]
[Date "2005.09.21"]
[Round "5"]
[White "Di Lazzaro, Gabriele"]
[Black "Schmidt, Juergen"]
[Result "1/2-1/2"]
[WhiteElo "2025"]
[BlackElo "2122"]
[PlyCount "69"]
[EventDate "2005.09.17"]

1. e4 e5 2. Nf3 Nc6 3. Bc4 Bc5 4. c3 Nf6 5. d4 exd4 6. cxd4 Bb4+ 7. Bd2 Bxd2+
8. Nbxd2 d5 9. exd5 Nxd5 10. O-O O-O 11. Re1 Nb6 12. Re4 Nxc4 13. Nxc4 Qd5 14.
Qe2 b6 15. Nce5 Bb7 16. b3 Rad8 17. Re1 Nb4 18. Rh4 f6 19. Nd3 Nxd3 20. Qxd3 f5
21. Re5 Qf7 22. Ng5 Qd7 23. Qc4+ Bd5 24. Qe2 h6 25. Ne6 Bxe6 26. Rxe6 f4 27.
Re4 Qd6 28. h3 Rf7 29. Rg4 Kh8 30. Re8+ Rxe8 31. Qxe8+ Rf8 32. Qe4 c6 33. Rg6
Rf6 34. Rxf6 Qxf6 35. f3 1/2-1/2